000 00620nam a2200229 i 4500
001 17134
003 ES-MaACL
005 20231114062527.0
007 t|
008 001227s2000 sp ||||1| spa d
020 _a84-322-1075-7
080 _a821.134.2-31"19"
100 1 _aGoytisolo, Luis.
_959425
245 1 0 _aDiario de 360 º /
_cLuis Goytisolo.
250 _a1ª ed.
260 _aBarcelona :
_bSeix Barral,
_c2000.
300 _a285 p. ;
_c23 cm.
490 1 _aBiblioteca breve
830 0 _aBiblioteca breve (Seix Barral)
_9227188
852 _aES-MaACL
_jL-23941
_bR.129192
999 _c17134
_d17134